<?xml version="1.0" encoding="UTF-8"?>
<record
    xmlns:xsi="http://www.w3.org/2001/XMLSchema-instance"
    xsi:schemaLocation="http://www.loc.gov/MARC21/slim http://www.loc.gov/standards/marcxml/schema/MARC21slim.xsd"
    xmlns="http://www.loc.gov/MARC21/slim">

  <leader>06391nam a2201009   4500</leader>
  <controlfield tag="001">9783111026503</controlfield>
  <controlfield tag="003">DE-B1597</controlfield>
  <controlfield tag="005">20260416115156.0</controlfield>
  <controlfield tag="006">m|||||o||d||||||||</controlfield>
  <controlfield tag="007">cr || ||||||||</controlfield>
  <controlfield tag="008">260303s2023    gw     fo  d z      eng d</controlfield>
  <datafield tag="020" ind1=" " ind2=" ">
    <subfield code="a">9783111026503</subfield>
  </datafield>
  <datafield tag="024" ind1="7" ind2=" ">
    <subfield code="a">10.1515/9783111026503</subfield>
    <subfield code="2">doi</subfield>
  </datafield>
  <datafield tag="035" ind1=" " ind2=" ">
    <subfield code="a">(DE-B1597)635378</subfield>
  </datafield>
  <datafield tag="035" ind1=" " ind2=" ">
    <subfield code="z">(OCoLC)1374540553</subfield>
  </datafield>
  <datafield tag="040" ind1=" " ind2=" ">
    <subfield code="a">DE-B1597</subfield>
    <subfield code="b">eng</subfield>
    <subfield code="c">DE-B1597</subfield>
    <subfield code="e">rda</subfield>
  </datafield>
  <datafield tag="041" ind1="0" ind2=" ">
    <subfield code="a">eng</subfield>
  </datafield>
  <datafield tag="044" ind1=" " ind2=" ">
    <subfield code="a">gw</subfield>
    <subfield code="c">DE</subfield>
  </datafield>
  <datafield tag="072" ind1=" " ind2="7">
    <subfield code="a">LIT</subfield>
    <subfield code="x">000000</subfield>
    <subfield code="2">bisacsh</subfield>
  </datafield>
  <datafield tag="072" ind1=" " ind2="7">
    <subfield code="a">LIT</subfield>
    <subfield code="x">022000</subfield>
    <subfield code="2">bisacsh</subfield>
  </datafield>
  <datafield tag="072" ind1=" " ind2="7">
    <subfield code="a">REL</subfield>
    <subfield code="x">000000</subfield>
    <subfield code="2">bisacsh</subfield>
  </datafield>
  <datafield tag="100" ind1="1" ind2=" ">
    <subfield code="a">Steinby, Liisa,</subfield>
    <subfield code="e">author.</subfield>
    <subfield code="4">aut</subfield>
    <subfield code="4">http://id.loc.gov/vocabulary/relators/aut</subfield>
  </datafield>
  <datafield tag="245" ind1="0" ind2="0">
    <subfield code="a">Myth in the Modern Novel :</subfield>
    <subfield code="b">Imagining the Absolute /</subfield>
    <subfield code="c">Liisa Steinby.</subfield>
  </datafield>
  <datafield tag="264" ind1=" " ind2="1">
    <subfield code="a">Berlin</subfield>
    <subfield code="a">Boston</subfield>
    <subfield code="b">De Gruyter, </subfield>
    <subfield code="c">[2023]</subfield>
  </datafield>
  <datafield tag="264" ind1=" " ind2="4">
    <subfield code="c">&#xA9;2023</subfield>
  </datafield>
  <datafield tag="300" ind1=" " ind2=" ">
    <subfield code="a">1 online resource (XII, 545 p.)</subfield>
  </datafield>
  <datafield tag="336" ind1=" " ind2=" ">
    <subfield code="a">text</subfield>
    <subfield code="b">txt</subfield>
    <subfield code="2">rdacontent</subfield>
  </datafield>
  <datafield tag="337" ind1=" " ind2=" ">
    <subfield code="a">computer</subfield>
    <subfield code="b">c</subfield>
    <subfield code="2">rdamedia</subfield>
  </datafield>
  <datafield tag="338" ind1=" " ind2=" ">
    <subfield code="a">online resource</subfield>
    <subfield code="b">cr</subfield>
    <subfield code="2">rdacarrier</subfield>
  </datafield>
  <datafield tag="347" ind1=" " ind2=" ">
    <subfield code="a">text file</subfield>
    <subfield code="b">PDF</subfield>
    <subfield code="2">rda</subfield>
  </datafield>
  <datafield tag="490" ind1="0" ind2=" ">
    <subfield code="a">Culture &amp; Conflict ,</subfield>
    <subfield code="x">2194-7104 ;</subfield>
    <subfield code="v">22</subfield>
  </datafield>
  <datafield tag="505" ind1="0" ind2="0">
    <subfield code="t">Frontmatter -- </subfield>
    <subfield code="t">Foreword -- </subfield>
    <subfield code="t">Contents -- </subfield>
    <subfield code="t">Introduction: Myth in the Modern Novel? -- </subfield>
    <subfield code="t">Part I: Assimilation and Amalgamation: Myth and Modernity -- </subfield>
    <subfield code="t">Chapter 1 Imagining the Absolute: Herder's Rehabilitation of Myth -- </subfield>
    <subfield code="t">Chapter 2 The Early Romantic Idea of a New Mythology: Poeticising the World in Novalis's Heinrich von Ofterdingen -- </subfield>
    <subfield code="t">Chapter 3 Thomas Mann's Joseph and His Brothers: The Myth of Evolving Humanity -- </subfield>
    <subfield code="t">Chapter 4 The Material Imagination in Michel Tournier's Friday -- </subfield>
    <subfield code="t">Chapter 5 From Traditional to Modern Use of Tribal Myths in Leslie Marmon Silko's Ceremony -- </subfield>
    <subfield code="t">Chapter 6 Torgny Lindgren: Religious Mythopoiesis and Its Modern Surrogates -- </subfield>
    <subfield code="t">Part II: Maintaining the Distinction: Myth or Modernity -- </subfield>
    <subfield code="t">Chapter 7 The Night Side of Nature in E. T. A. Hoffmann's The Devil's Elixirs -- </subfield>
    <subfield code="t">Chapter 8 Myth and Science in Zola's Naturalism -- </subfield>
    <subfield code="t">Chapter 9 Germanness and Mythic Evil in Thomas Mann's Doctor Faustus -- </subfield>
    <subfield code="t">Chapter 10 Christa Wolf's Cassandra and Medea: Myth as a Disguise for a Critique of Contemporary Society -- </subfield>
    <subfield code="t">Chapter 11 Milan Kundera: The Search beyond Myth for the Authentic Individual -- </subfield>
    <subfield code="t">Conclusion: Coming to Terms with Myth -- </subfield>
    <subfield code="t">Literature -- </subfield>
    <subfield code="t">Name Index</subfield>
  </datafield>
  <datafield tag="506" ind1="0" ind2=" ">
    <subfield code="a">restricted access</subfield>
    <subfield code="u">http://purl.org/coar/access_right/c_16ec</subfield>
    <subfield code="f">online access with authorization</subfield>
    <subfield code="2">star</subfield>
  </datafield>
  <datafield tag="520" ind1=" " ind2=" ">
    <subfield code="a">Myth in the Modern Novel: Imagining the Absolute posits a twofold thesis. First, although Modernity is regarded as an era dominated by science and rational thought, it has in fact not relinquished the hold of myth, a more "primitive" form of thought which is difficult to reconcile with modern rationality. Second, some of the most important statements as to the reconcilability of myth and Modernity are found in the work of certain prominent novelists. This book offers a close examination of the work of eleven writers from the late eighteenth century to the beginning of the twenty-first, representing German, French, American, Czech and Swedish literature. The analyses of individual novels reveal a variety of intriguing views of myth in Modernity, and offer an insight into the "modernizing" transformations myth has undergone when applied in the modern novel. The study shows the presence of the "subconscious", the mythic layer, in modern western culture and how this has been dealt with in novelistic literature.</subfield>
  </datafield>
  <datafield tag="530" ind1=" " ind2=" ">
    <subfield code="a">Issued also in print.</subfield>
  </datafield>
  <datafield tag="532" ind1="8" ind2=" ">
    <subfield code="a">The accessibility of this resources in unknown or unassessed.</subfield>
  </datafield>
  <datafield tag="538" ind1=" " ind2=" ">
    <subfield code="a">Mode of access: Internet via World Wide Web.</subfield>
  </datafield>
  <datafield tag="545" ind1=" " ind2=" ">
    <subfield code="a">Liisa Steinby, University of Turku, Finland.</subfield>
  </datafield>
  <datafield tag="546" ind1=" " ind2=" ">
    <subfield code="a">In English.</subfield>
  </datafield>
  <datafield tag="588" ind1="0" ind2=" ">
    <subfield code="a">Description based on online resource; title from PDF title page (publisher's Web site, viewed March 03 2026)</subfield>
  </datafield>
  <datafield tag="650" ind1=" " ind2="7">
    <subfield code="a">LITERARY CRITICISM / General.</subfield>
    <subfield code="2">bisacsh</subfield>
  </datafield>
  <datafield tag="650" ind1=" " ind2="7">
    <subfield code="a">LITERARY CRITICISM&#xA0;/ Fairy Tales, Folk Tales, Legends &amp; Mythology.</subfield>
    <subfield code="2">bisacsh</subfield>
  </datafield>
  <datafield tag="650" ind1=" " ind2="7">
    <subfield code="a">RELIGION / General.</subfield>
    <subfield code="2">bisacsh</subfield>
  </datafield>
  <datafield tag="653" ind1=" " ind2="0">
    <subfield code="a">Mythos</subfield>
  </datafield>
  <datafield tag="653" ind1=" " ind2="0">
    <subfield code="a">Moderne</subfield>
  </datafield>
  <datafield tag="653" ind1=" " ind2="0">
    <subfield code="a">Roman der Moderne</subfield>
  </datafield>
  <datafield tag="653" ind1=" " ind2="0">
    <subfield code="a">Myth</subfield>
  </datafield>
  <datafield tag="653" ind1=" " ind2="0">
    <subfield code="a">modernity</subfield>
  </datafield>
  <datafield tag="653" ind1=" " ind2="0">
    <subfield code="a">modern novel</subfield>
  </datafield>
  <datafield tag="653" ind1=" " ind2="0">
    <subfield code="a">Myth</subfield>
  </datafield>
  <datafield tag="653" ind1=" " ind2="0">
    <subfield code="a">modernity</subfield>
  </datafield>
  <datafield tag="653" ind1=" " ind2="0">
    <subfield code="a">modern novel</subfield>
  </datafield>
  <datafield tag="773" ind1="0" ind2="8">
    <subfield code="i">Title is part of eBook package:</subfield>
    <subfield code="d">De Gruyter</subfield>
    <subfield code="t">DG Plus DeG Package 2023 Part 1</subfield>
    <subfield code="z">9783111175782</subfield>
    <subfield code="o">ZDB-23-23</subfield>
  </datafield>
  <datafield tag="773" ind1="0" ind2="8">
    <subfield code="i">Title is part of eBook package:</subfield>
    <subfield code="d">De Gruyter</subfield>
    <subfield code="t">eBook Package Cultural and Area Studies 2023 /  eBook-Paket Kulturwissenschaft und Area Studies 2023</subfield>
    <subfield code="z">9783111318127</subfield>
    <subfield code="o">ZDB-23-78</subfield>
  </datafield>
  <datafield tag="773" ind1="0" ind2="8">
    <subfield code="i">Title is part of eBook package:</subfield>
    <subfield code="d">De Gruyter</subfield>
    <subfield code="t">eBook Package Complete 2023 /  eBook-Paket Gesamt 2023</subfield>
    <subfield code="z">9783111318912</subfield>
    <subfield code="o">ZDB-23-DGG</subfield>
  </datafield>
  <datafield tag="773" ind1="0" ind2="8">
    <subfield code="i">Title is part of eBook package:</subfield>
    <subfield code="d">De Gruyter</subfield>
    <subfield code="t">eBook Package Cultural and Area Studies 2023 English / eBook-Paket Kulturwissenschaft und Area Studies 2023 Englisch</subfield>
    <subfield code="z">9783111319094</subfield>
    <subfield code="o">ZDB-23-77</subfield>
  </datafield>
  <datafield tag="773" ind1="0" ind2="8">
    <subfield code="i">Title is part of eBook package:</subfield>
    <subfield code="d">De Gruyter</subfield>
    <subfield code="t">eBook Package Complete 2023 English / eBook-Paket Gesamt 2023 Englisch</subfield>
    <subfield code="z">9783111319292</subfield>
    <subfield code="o">978-3-11-131929-2  EBOOK PACKAGE COMPLETE 2023 English</subfield>
  </datafield>
  <datafield tag="773" ind1="0" ind2="8">
    <subfield code="i">Title is part of eBook package:</subfield>
    <subfield code="d">De Gruyter</subfield>
    <subfield code="t">EBOOK PACKAGE Literary and Cultural Studies 2023 DGB - ALL LANG</subfield>
    <subfield code="z">9783112211229</subfield>
    <subfield code="o">ZDB-23-67</subfield>
  </datafield>
  <datafield tag="773" ind1="0" ind2="8">
    <subfield code="i">Title is part of eBook package:</subfield>
    <subfield code="d">De Gruyter</subfield>
    <subfield code="t">EBOOK PACKAGE Literary and Cultural Studies 2023 DGB - ENG</subfield>
    <subfield code="z">9783112211274</subfield>
    <subfield code="o">ZDB-23-68</subfield>
  </datafield>
  <datafield tag="776" ind1="0" ind2=" ">
    <subfield code="c">EPUB</subfield>
    <subfield code="z">9783111027005</subfield>
  </datafield>
  <datafield tag="776" ind1="0" ind2=" ">
    <subfield code="c">print</subfield>
    <subfield code="z">9783111026343</subfield>
  </datafield>
  <datafield tag="856" ind1="4" ind2="0">
    <subfield code="u">https://www.degruyterbrill.com/isbn/9783111026503</subfield>
  </datafield>
  <datafield tag="856" ind1="4" ind2="2">
    <subfield code="3">Cover</subfield>
    <subfield code="u">https://www.degruyterbrill.com/document/cover/isbn/9783111026503/original</subfield>
  </datafield>
  <datafield tag="912" ind1=" " ind2=" ">
    <subfield code="a">ZDB-23-23</subfield>
    <subfield code="b">2023</subfield>
  </datafield>
  <datafield tag="912" ind1=" " ind2=" ">
    <subfield code="a">ZDB-23-78</subfield>
    <subfield code="b">2023</subfield>
  </datafield>
  <datafield tag="912" ind1=" " ind2=" ">
    <subfield code="a">ZDB-23-DGG</subfield>
    <subfield code="b">2023</subfield>
  </datafield>
  <datafield tag="912" ind1=" " ind2=" ">
    <subfield code="a">ZDB-23-77</subfield>
    <subfield code="b">2023</subfield>
  </datafield>
  <datafield tag="912" ind1=" " ind2=" ">
    <subfield code="a">978-3-11-131929-2  EBOOK PACKAGE COMPLETE 2023 English</subfield>
    <subfield code="b">2023</subfield>
  </datafield>
  <datafield tag="912" ind1=" " ind2=" ">
    <subfield code="a">ZDB-23-67</subfield>
    <subfield code="b">2023</subfield>
  </datafield>
  <datafield tag="912" ind1=" " ind2=" ">
    <subfield code="a">ZDB-23-68</subfield>
    <subfield code="b">2023</subfield>
  </datafield>
  <datafield tag="912" ind1=" " ind2=" ">
    <subfield code="a">EBA_CL_HICS</subfield>
  </datafield>
  <datafield tag="912" ind1=" " ind2=" ">
    <subfield code="a">EBA_CL_LT</subfield>
  </datafield>
  <datafield tag="912" ind1=" " ind2=" ">
    <subfield code="a">EBA_DGALL</subfield>
  </datafield>
  <datafield tag="912" ind1=" " ind2=" ">
    <subfield code="a">EBA_EBKALL</subfield>
  </datafield>
  <datafield tag="912" ind1=" " ind2=" ">
    <subfield code="a">EBA_EBKALL2</subfield>
  </datafield>
  <datafield tag="912" ind1=" " ind2=" ">
    <subfield code="a">EBA_ECL_HICS</subfield>
  </datafield>
  <datafield tag="912" ind1=" " ind2=" ">
    <subfield code="a">EBA_ECL_LT</subfield>
  </datafield>
  <datafield tag="912" ind1=" " ind2=" ">
    <subfield code="a">EBA_EEBKALL</subfield>
  </datafield>
  <datafield tag="912" ind1=" " ind2=" ">
    <subfield code="a">EBA_EEBKALL2</subfield>
  </datafield>
  <datafield tag="912" ind1=" " ind2=" ">
    <subfield code="a">EBA_ESSHALL</subfield>
  </datafield>
  <datafield tag="912" ind1=" " ind2=" ">
    <subfield code="a">EBA_ESSHALL2</subfield>
  </datafield>
  <datafield tag="912" ind1=" " ind2=" ">
    <subfield code="a">EBA_EXCL</subfield>
  </datafield>
  <datafield tag="912" ind1=" " ind2=" ">
    <subfield code="a">EBA_SSHALL</subfield>
  </datafield>
  <datafield tag="912" ind1=" " ind2=" ">
    <subfield code="a">EBA_SSHALL2</subfield>
  </datafield>
  <datafield tag="912" ind1=" " ind2=" ">
    <subfield code="a">GBV-deGruyter-alles</subfield>
  </datafield>
  <datafield tag="942" ind1=" " ind2=" ">
    <subfield code="c">E-BOOK</subfield>
  </datafield>
  <datafield tag="999" ind1=" " ind2=" ">
    <subfield code="c">49589</subfield>
    <subfield code="d">49589</subfield>
  </datafield>
  <datafield tag="952" ind1=" " ind2=" ">
    <subfield code="0">0</subfield>
    <subfield code="1">0</subfield>
    <subfield code="2">ddc</subfield>
    <subfield code="4">0</subfield>
    <subfield code="7">0</subfield>
    <subfield code="a">CUTN</subfield>
    <subfield code="b">CUTN</subfield>
    <subfield code="d">2026-04-16</subfield>
    <subfield code="l">0</subfield>
    <subfield code="p">EB04732</subfield>
    <subfield code="r">2026-04-16 14:23:33</subfield>
    <subfield code="u">https://www.degruyter.com/isbn/9783111026503</subfield>
    <subfield code="w">2026-04-16</subfield>
    <subfield code="y">E-BOOK</subfield>
  </datafield>
</record>
